000 00370nam a2200145Ia 4500
008 220214s9999 xx 000 0 und d
100 _aChapman EC
245 0 _aExpansion of rubber in Southern Yunnan, China
260 _bThe Geographical Journal
_c1991
300 _a36-44
650 _aChina
650 _aNatural rubber
650 _aYunnan Province
942 _cRE
999 _c45720
_d45720